000
00342 a2200157 4500
001
169657
020
_a
85-10-02841-9
040
_c
Magnum
100
_a
Braz, Julio Emilio
240
1
0
_a
Quem me dera ser feliz
_l
por
245
1
0
_a
Quem me dera ser feliz
300
_a
110
362
0
_a
2001
697
_a
LITERATURA JUVENIL
942
_c
BK
999
_c
169657
_d
169657